Internal combustion engines (Record no. 64578)
[ view plain ]
| 000 -LEADER | |
|---|---|
| fixed length control field | 00620nam a22001937a 4500 |
| 003 - CONTROL NUMBER IDENTIFIER | |
| control field | NUST-PNEC |
| 005 - DATE AND TIME OF LATEST TRANSACTION | |
| control field | 20170116180850.0 |
| 008 - FIXED-LENGTH DATA ELEMENTS--GENERAL INFORMATION | |
| fixed length control field | 140430b xxu||||| |||| 00| 0 eng d |
| 020 ## - INTERNATIONAL STANDARD BOOK NUMBER | |
| International Standard Book Number | 9788179928004 |
| 040 ## - CATALOGING SOURCE | |
| Transcribing agency | PNEC |
| 082 ## - DEWEY DECIMAL CLASSIFICATION NUMBER | |
| Classification number | 621.43 THI |
| 100 ## - MAIN ENTRY--PERSONAL NAME | |
| 9 (RLIN) | 68 |
| Personal name | Thipse, S.S |
| 245 ## - TITLE STATEMENT | |
| Title | Internal combustion engines |
| Statement of responsibility, etc. | S.S Thipse |
| 260 ## - PUBLICATION, DISTRIBUTION, ETC. | |
| Place of publication, distribution, etc. | Delhi |
| Name of publisher, distributor, etc. | Jaico publishing |
| Date of publication, distribution, etc. | c.2008. |
| 300 ## - PHYSICAL DESCRIPTION | |
| Extent | x, 777 p. : |
| Other physical details | ill. : |
| Dimensions | 24 cm. |
| 500 ## - GENERAL NOTE | |
| General note | http://www.amazon.com/Internal-Combustion-Engines-S-Thipse/dp/8179928004/ref=sr_1_1?s=books&ie=UTF8&qid=1398842497&sr=1-1&keywords=9788179928004 |
| 650 ## - SUBJECT ADDED ENTRY--TOPICAL TERM | |
| General subdivision | ME |
| 942 ## - ADDED ENTRY ELEMENTS (KOHA) | |
| Source of classification or shelving scheme | |
| Koha item type | Book |
| Withdrawn status | Lost status | Source of classification or shelving scheme | Damaged status | Not for loan | Permanent Location | Current Location | Shelving location | Date acquired | Total Checkouts | Full call number | Barcode | Date last seen | Price effective from | Koha item type |
|---|---|---|---|---|---|---|---|---|---|---|---|---|---|---|
| Pakistan Navy Engineering College (PNEC) | Pakistan Navy Engineering College (PNEC) | 621.43 THI | PNECLIB-029299 | 08/25/2015 | Book |
